LEADER 01360nam a2200301 i 4500 001 991000185209707536 005 20020506110445.0 008 000717s1993 uk ||| | eng 020 $a0851866255 035 $ab10042155-39ule_inst 035 $aLE02614625$9ExL 040 $aDip.to Ingegneria dell'Innovazione$bita 082 0 $a541.3 100 1 $aApplied Solid State Chemistry Group$0460023 245 10$aOrganic materials for non-linear optics III :$b[proceedings of the third international symposium on organic materials for non-linear-optics organised by the Applied Solid State Chemistry Group of the Dalton Division of the Royal Society of Chemistry, Oxford, 19th-21st August 1992] /$cedited by G.J. Aswell, D. Bloor 260 $aCambridge :$bThe Royal society of chemistry,$cc 1993 300 $axii, 361 p. ;$c25 cm. 650 4$aOttica non lineare (Chimica fisica) 700 1 $aDalton Division 700 1 $aRoyal Society of Chemistry 700 1 $aAswell, G.J. 700 1 $aBloor, David 907 $a.b10042155$b21-09-06$c31-05-02 912 $a991000185209707536 945 $aLE026 541.3 ASH 01.01 1993$g1$i2026000009919$lle026$o-$pE0.00$q-$rn$s- $t0$u0$v0$w0$x0$y.i1004906x$z31-05-02 996 $aOrganic materials for non-linear optics III$9192865 997 $aUNISALENTO 998 $ale026$b01-01-00$cm$da $e-$feng$guk $h0$i1